Statistics for Largest Countries by Continent Throughout History

Click here to take the quiz!

General Stats

  • This quiz has been taken 778 times
  • The average score is 20 of 23

Answer Stats

HintAnswer% Correct
AsiaRussia
99%
EuropeRussia
99%
EuropeRussia
99%
AsiaRussia
99%
EuropeRussia
99%
AsiaRussia
99%
EuropeRussia
99%
AsiaChina
98%
South AmericaBrazil
97%
South AmericaBrazil
97%
North AmericaCanada
96%
AustraliaAustralia
95%
AustraliaUnited Kingdom
92%
AustraliaUnited Kingdom
92%
North AmericaUnited Kingdom
92%
AfricaFrance
87%
North AmericaFrance
87%
North AmericaSpain
86%
South AmericaSpain
86%
South AmericaSpain
86%
AfricaSudan
76%
AfricaOttoman Empire
41%
AfricaOttoman Empire
41%

Score Distribution

Percentile by Number Answered

Percent of People with Each Score

Your Score History

You have not taken this quiz